[Event "Gibraltar Amateur op-B"]
[Site "Caleta"]
[Date "2017.01.28"]
[Round "1"]
[White "Sevillano Garcia, Joaquin"]
[Black "Lapusan, Razvan"]
[Result "1-0"]
[WhiteElo "1816"]
[BlackElo "1525"]
[PlyCount "65"]
[EventDate "2017.01.28"]
[EventType "swiss"]
[EventRounds "5"]
[EventCountry "GGB"]
[SourceTitle "EXT 2018"]
[Source "ChessBase"]
[SourceDate "2017.10.13"]
[SourceVersion "1"]
[SourceVersionDate "2017.10.13"]
[SourceQuality "1"]

1. Nf3 Nf6 2. g3 g6 3. Bg2 Bg7 4. c4 c5 5. 0-0 Nc6 6. Nc3 d6 7. d4 0-0 8. h3 Re8 9. Bg5 Bf5 10. Be3 Ne4 11. Nh4 Nxc3 12. bxc3 cxd4 13. cxd4 Bd7 14. Rc1 a5 15. Qd2 Rb8 16. Rfd1 Nb4 17. a3 Na6 18. Bh6 Bf6 19. Bg5 Bg7 20. e4 Ba4 21. Re1 b5 22. cxb5 Rxb5 23. Nf3 Rb3 24. Rc3 Nc5 25. e5 Rxc3 26. Qxc3 Ne6 27. Bd2 dxe5 28. dxe5 Qd7 29. Qxa5 Bc6 30. Qc3 Qb7 31. Nh4 Bxg2 32. Nxg2 Ng5 33. Bxg5 1-0

[Event "Gibraltar Masters 15th"]
[Site "Caleta"]
[Date "2017.01.25"]
[Round "2"]
[White "Lapusan, Razvan"]
[Black "Burrows, Martin P"]
[Result "0-1"]
[WhiteElo "1525"]
[BlackElo "2124"]
[PlyCount "90"]
[EventDate "2017.01.24"]
[EventType "swiss"]
[EventRounds "10"]
[EventCountry "GGB"]
[SourceTitle "CBM 177"]
[Source "ChessBase"]
[SourceDate "2017.03.16"]
[SourceVersion "1"]
[SourceVersionDate "2017.03.16"]
[SourceQuality "1"]

1. b3 e5 2. Bb2 Nc6 3. c4 Nf6 4. e3 d5 5. d4 exd4 6. exd4 Bf5 7. a3 Be7 8. Bd3 Bxd3 9. Qxd3 0-0 10. Nf3 Re8 11. 0-0 Bf8 12. c5 Ne7 13. Nbd2 Ng6 14. g3 Ne4 15. Ne5 Nxe5 16. dxe5 Nxc5 17. Qc2 c6 18. b4 Nd7 19. Nf3 g6 20. Rfe1 Bg7 21. Re2 Nf8 22. Rae1 Ne6 23. Qd2 a5 24. h4 axb4 25. Qxb4 Qe7 26. Qb3 Red8 27. a4 c5 28. Nh2 h5 29. Nf3 Qd7 30. Bc1 Rxa4 31. Bg5 Rda8 32. Bf6 Ra3 33. Qd1 Rxf3 34. Bxg7 Kxg7 35. Rd2 Rfa3 36. Rxd5 Qa4 37. Qc1 Ra1 38. Qe3 Rxe1+ 39. Qxe1 Qc4 40. Rd7 b5 41. Qe3 Qg4 42. Kg2 Nf4+ 43. Qxf4 Qxd7 44. Qf3 Rd8 45. Kh2 Kg8 0-1